Mathematics with applications in the management natural and social sciences

Bibliographic Details
Main Authors: Lial, Margaret L., Hungerford, Thomas W
Format: Section = Libro
Language:Undetermined
Spanish
Published: Boston Addison/Wesley 2003
Edition:8a.ed.
Subjects:
LEADER 00640nam a2200241Ia 4500
008 240829s9999 xx 000 0 und d
020 |a 0-201-75529-7 
040 |a BIBLIOTECA-RUSB/ 510 L693 
041 |a spa 
082 |a 510 L693 
100 1 |a Lial, Margaret L. 
100 1 |b  Hungerford, Thomas W 
245 1 0 |a Mathematics with applications in the management natural and social sciences 
250 |a 8a.ed. 
260 |a Boston  |b Addison/Wesley  |c 2003 
300 |a 900 p. :il. 
650 7 |a MATEMATICAS 
650 7 |b  ALGEBRA 
650 7 |c  GEOMETRIA 
650 7 |d  CALCULO DIFERENCIAL 
942 |c BK  |2 ddc 
991 |a TEXTO 
999 |c 1266